000 00519nam a22001697a 4500
005 20251108173520.0
008 250721s2007 xx 000 0 ara d
082 1 4 _a658.409/ عبو
100 1 _aعبوي، زيد منير
245 1 0 _aالقيادة و دورها في العملية الإدارية /
264 1 _aعمان :
_bدار البداية ناشرون و موزعون،
_c2007.
300 _a192ص.
650 1 7 _aالإدارة
650 1 7 _aالقيادة
942 _2ddc
_cBK
999 _c105735
_d105735